000 00937cam a2200337 4500
008 090401t1997 xxu||||| |||| 00| 0 eng d
020 _a0333649494
035 _a(Sirsi) u51269
041 _aeng
050 _a690
100 _aHore, A.V.
245 _aConstruction 2. Environment, science, materials, technology.
260 _aBasingstoke
_bMacMillan
_c1997
300 _avii,198p. : ill. ; 25cm.
350 _a12.99
520 _aCompanion vol. Construction 1 is shelved at 658.99.
650 _aBUILT ENVIRONMENT-BUILDING MATERIALS
650 _aBlock management
_96220
650 _aBUILT ENVIRONMENT
650 _aENVIRONMENTAL SCIENCE
650 _aGROUNDWORKS
650 _aMATERIALS SCIENCE
650 _aSITE INVESTIGATION
650 _aSTRUCTURES
690 _aBUILT ENVIRONMENT
700 _aKehoe, J.
700 _aMcMullan, R.
700 _aPenton, M.R.
942 _n0
948 _c04/03/1997
999 _c92853
_d92853